• 首页
  • 本馆介绍
  • 公告通知
  • 最新文献
  • 馆藏检索
  • 电子资源
  • 读者导购
  • 参考咨询
  • 我的图书馆
  • 登录
  • 详细信息显示
  • 放入我的书架
  • 预约/预借图书
  • 作者相关作品
  • 分类相关作品
  • 丛书相关作品
  • 出版社相关作品

书目信息

  • 表格格式
  • 工作单格式
  • 卡片格式
题名:
无线电测向运动原理与方法
    
 
作者: 扶健华 主编
分册:  
出版信息: 广州   华南理工大学出版社  2016.01
页数: 269页
开本: 24cm
丛书名:
单 册:
中图分类: G876
科图分类:
主题词: 测向运动(无线电运动)--教材
电子资源:
ISBN: 978-7-5623-4831-3
000 01063nam0 2200253 450
001 0120161779714
005 20170327102557.93
010    @a978-7-5623-4831-3@dCNY45.00
100    @a20160318d2016 em y0chiy50 ea
101 0  @achi
102    @aCN@b440000
105    @aak z 000yy
106    @ar
200 1  @a无线电测向运动原理与方法@9wu xian dian ce xiang yun dong yuan li yu fang fa@f扶健华主编
205    @a2版
210    @a广州@c华南理工大学出版社@d2016.01
215    @a269页@c图@d24cm
330    @a本教材主要针对无线电测向运动的基本原理、无线电测向运动技术及训练方法、野外测向训练、识图越野、运动员选材、无线电测向竞赛的组织、成绩统计和管理、无线电测向竞赛裁判方法等方面进行了深入细致的阐述。全书共分13章,涵盖了物理学、体育学、教育学、心理学等学科理论,可以让无线电测向爱好者从多角度对无线电测向运动进行详细了解。
333    @a电工电子专业师生,无线电测向爱好者
606 0  @a测向运动(无线电运动)@j教材
690    @aG876@v5
701  0 @a扶健华@9fu jian hua@f(1972-)@4主编
801  0 @aCN@b人天书店@c20160318
905    @b982480-83@dG876@e102=2@f4
    
    无线电测向运动原理与方法/扶健华主编.-2版.-广州:华南理工大学出版社,2016.01
    269页:图;24cm
    使用对象:电工电子专业师生,无线电测向爱好者
    
    ISBN 978-7-5623-4831-3:CNY45.00
    本教材主要针对无线电测向运动的基本原理、无线电测向运动技术及训练方法、野外测向训练、识图越野、运动员选材、无线电测向竞赛的组织、成绩统计和管理、无线电测向竞赛裁判方法等方面进行了深入细致的阐述。全书共分13章,涵盖了物理学、体育学、教育学、心理学等学科理论,可以让无线电测向爱好者从多角度对无线电测向运动进行详细了解。
●
相关链接 在E读中查询图书 在五车中查询图书 在当当中查询图书 在豆瓣中查询图书


正题名:无线电测向运动原理与方法     索取号:G876/102=2         预约/预借

序号 登录号 条形码 馆藏地/架位号 状态 备注
1 982480   209824804   第一样本阅览室/ [索取号:G876/102=2] 在馆    
2 982481   209824813   密集书库-物理学院/ [索取号:G876/102=2] 在馆    
3 982482   209824822   第四借阅区/ [索取号:G876/102=2] 在馆    
4 982483   209824831   第四借阅区/ [索取号:G876/102=2] 在馆    
唐山师范学院图书馆 欢迎您!
大连网信软件有限公司© 版权所有